000 00654nam a2200181Ia 4500
005 20250508160257.0
008 008 250505s9999 xx 000 0 eng d
037 _aBooks to be hide in OPAC
040 _aFEDL
_beng
_cFEDL
041 _aeng
_2eng
084 _a370.9794, CAL/O
_qFEDL
100 _aPlowman Paul D
_9768220
245 0 _aFinal report - California project talent: Demonstration of differential programming in enrichment, acceleration, counseling, and special classes for mentally gifted pupils
300 _aiii,133p.
700 _a Rice Joseph P
_9768221
942 _cHB
_h370.9794, CAL/O
999 _c1363325
_d1363325